000 00644nam a2200217Ia 4500
005 20250508170035.0
008 008 250505s9999 xx 000 0 eng d
020 _a81-86830-28-6
037 _aTextual
040 _aFEDL
_beng
_cFEDL
041 _aeng
_2eng
084 _a070, MAT
_qFEDL
100 _aMathur Asha Rani Ed.
_9149663
245 0 _aIndian media: Illusion delusion and reality: Essays in Honour of Prem Bhatia
260 _aNew Delhi, India
_bRupa. Co.
_c2006
300 _axv, 320p.
365 _aINR
_b395
546 _aGifted by Prof. Anita Rampal
942 _cTEXL
_h070, MAT
999 _c1398852
_d1398852